International Relations. (Record no. 2410)
[ view plain ]
| 000 -LEADER | |
|---|---|
| fixed length control field | 00848nac a22002171u 4500 |
| 010 ## - LIBRARY OF CONGRESS CONTROL NUMBER | |
| LC control number | 2005011528 |
| 020 ## - INTERNATIONAL STANDARD BOOK NUMBER | |
| International Standard Book Number | 0321464508 |
| 082 00 - DEWEY DECIMAL CLASSIFICATION NUMBER | |
| Classification number | 327 |
| Item number | G5781 |
| 090 ## - LOCALLY ASSIGNED LC-TYPE CALL NUMBER (OCLC); LOCAL CALL NUMBER (OCLC) | |
| -- | 2276 |
| -- | 2276 |
| 100 ## - MAIN ENTRY--PERSONAL NAME | |
| Personal name | Goldstein, Joshua S., |
| 245 10 - TITLE STATEMENT | |
| Title | International relations / |
| Statement of responsibility, etc | Joshua S. Goldstein, Jon C. Pevehouse. |
| 250 ## - EDITION STATEMENT | |
| Edition statement | 2006-2007 ed. |
| 260 ## - PUBLICATION, DISTRIBUTION, ETC. (IMPRINT) | |
| Place of publication, distribution, etc | New York : |
| Name of publisher, distributor, etc | Pearson Longman,2007 |
| Date of publication, distribution, etc | 2007. |
| 300 ## - PHYSICAL DESCRIPTION | |
| Extent | xxv, 597 p. : |
| Other physical details | ill. (some col.), maps (some col.) ; |
| Dimensions | 26 cm. |
| 504 ## - BIBLIOGRAPHY, ETC. NOTE | |
| Bibliography, etc | Includes bibliographical references and indexes. |
| 650 #0 - SUBJECT ADDED ENTRY--TOPICAL TERM | |
| Topical term or geographic name as entry element | International relations |
| Form subdivision | Textbooks. |
| 700 1# - ADDED ENTRY--PERSONAL NAME | |
| Personal name | Pevehouse, Jon C. |
| 856 41 - ELECTRONIC LOCATION AND ACCESS | |
| Materials specified | Table of contents |
| Uniform Resource Identifier | <a href="http://www.loc.gov/catdir/toc/ecip0511/2005011528.html">http://www.loc.gov/catdir/toc/ecip0511/2005011528.html</a> |
| 942 ## - ADDED ENTRY ELEMENTS (KOHA) | |
| Item type | Book - Borrowing |
| Call number prefix | 327 G5781 |
| Withdrawn status | Item status | Damaged status | Not for loan | Home library | Current library | Shelving location | Date acquired | Source of acquisition | Total Checkouts | Total Renewals | Full call number | Barcode | Date last seen | Date last borrowed | Koha item type |
|---|---|---|---|---|---|---|---|---|---|---|---|---|---|---|---|
| Central Library | Central Library | First floor | 07/02/2015 | Purchase | 8 | 15 | 327 GOL | 000002077 | 15/07/2025 | 05/04/2021 | Book - Borrowing | ||||
| Central Library | Central Library | First floor | 19/02/2007 | Purchase | 9 | 4 | 327 GOL | 000001882 | 15/07/2025 | 30/03/2021 | Book - Borrowing | ||||
| Central Library | Central Library | First floor | 19/02/2007 | Purchase | 19 | 18 | 327 GOL | 000001881 | 15/07/2025 | 29/03/2021 | Book - Borrowing | ||||
| Central Library | Central Library | First floor | 19/02/2007 | Purchase | 327 GOL | 000001880 | 15/07/2025 | NB - Book (Non borrowing) | |||||||
| Central Library | Central Library | First floor | 19/02/2007 | Purchase | 11 | 8 | 327 GOL | 000001868 | 15/07/2025 | 03/05/2015 | Book - Borrowing |